[Event "Hampshire Major"]
[Site "Fareham"]
[Date "2022.11.04"]
[Round "1"]
[White "Holmes, David"]
[Black "Maul, Philip"]
[Result "0-1"]
[WhiteElo "1786"]
[BlackElo "1686"]
[PlyCount "113"]
[EventDate "2022.11.04"]
[EventType "swiss"]
[EventRounds "6"]
[EventCountry "ENG"]
[SourceVersionDate "2022.12.05"]

1. e4 d5 2. d4 dxe4 3. Nc3 Nf6 4. f3 exf3 5. Nxf3 g6 6. Bc4 Bg7 7. O-O O-O 8.
Bf4 c6 9. Qd2 Nbd7 10. Rae1 Nb6 11. Bb3 Nbd5 12. Be5 Be6 13. Ng5 Bf5 14. h3 h6
15. Nf3 Nxc3 16. Qxc3 Qd7 17. Nh4 Nd5 18. Qg3 Be6 19. c4 Nf6 20. Qe3 Kh7 21.
Nf3 b5 22. cxb5 cxb5 23. Rc1 Bxb3 24. Qxb3 Qd5 25. Qxd5 Nxd5 26. Rc5 Ne3 27.
Rfc1 Bxe5 28. Nxe5 a6 29. Kf2 Nf5 30. d5 Nd6 31. Rc7 Rac8 32. R1c6 Rxc7 33.
Rxc7 Rc8 34. Rxc8 Nxc8 35. Nxf7 Kg7 36. Nd8 Nb6 37. Nc6 Nxd5 38. Kf3 Kf6 39.
Ke4 Nb6 40. b3 e6 41. g3 g5 42. a3 h5 43. Ne5 a5 44. Nd3 a4 45. bxa4 Nxa4 46.
Kd4 Nb6 47. Nb4 Nd7 48. Nc6 e5+ 49. Ke4 Nc5+ 50. Ke3 Ne6 51. Na7 Nd4 52. Ke4
Ke6 53. Kd3 Kd5 54. Kd2 Ke4 55. Nxb5 Nxb5 56. a4 Nc7 57. Ke2 0-1

[Event "Hampshire Major"]
[Site "Fareham"]
[Date "2022.11.04"]
[Round "1"]
[White "Moore, Gillian A"]
[Black "Stuart, Graham B"]
[Result "1/2-1/2"]
[WhiteElo "1678"]
[BlackElo "1767"]
[PlyCount "51"]
[EventDate "2022.11.04"]
[EventType "swiss"]
[EventRounds "6"]
[EventCountry "ENG"]
[SourceVersionDate "2022.12.05"]

1. d4 Nf6 2. Bg5 Ne4 3. h4 d5 4. e3 Nxg5 5. hxg5 e6 6. f4 c5 7. c3 Qb6 8. Qc2
g6 9. Nf3 Nc6 10. Nbd2 cxd4 11. exd4 Bd7 12. Bd3 Rc8 13. a3 Bd6 14. g3 Ne7 15.
Qb3 Qxb3 16. Nxb3 b6 17. Kf2 Kf8 18. Rh2 Kg7 19. Rah1 a5 20. Nbd2 Nc6 21. Nf1
Na7 22. Ne3 Nc6 23. Ke2 Ne7 24. Ne5 Bxe5 25. dxe5 Bc6 26. Rg1 1/2-1/2

[Event "Hampshire Major"]
[Site "Fareham"]
[Date "2022.11.04"]
[Round "1"]
[White "Agostinelli, David R"]
[Black "Horlock, Peter"]
[Result "1-0"]
[WhiteElo "1761"]
[BlackElo "1677"]
[PlyCount "65"]
[EventDate "2022.11.04"]
[EventType "swiss"]
[EventRounds "6"]
[EventCountry "ENG"]
[SourceVersionDate "2022.12.05"]

1. c4 e5 2. Nc3 Nf6 3. Nf3 Nc6 4. g3 d5 5. cxd5 Nxd5 6. Bg2 Be6 7. O-O Be7 8.
d3 O-O 9. Bd2 f5 10. e3 Ndb4 11. d4 e4 12. Ne1 Rf6 13. a3 Nd5 14. f4 Rh6 15.
Nxd5 Bxd5 16. Rf2 Qd7 17. Rc1 Re8 18. Bf1 Bf6 19. b4 Nxd4 20. exd4 Bxd4 21. Ng2
Bxf2+ 22. Kxf2 Rxh2 23. Be3 c6 24. a4 Qe7 25. b5 Bb3 26. Qxb3+ Kh8 27. bxc6
bxc6 28. Rxc6 h5 29. Qc3 Kh7 30. Rc7 Qf8 31. Kg1 Rh3 32. Bf2 Re7 33. Qc5 1-0

[Event "Hampshire Major"]
[Site "Fareham"]
[Date "2022.11.04"]
[Round "1"]
[White "Belinger, John"]
[Black "Crosswell, Neil"]
[Result "1/2-1/2"]
[WhiteElo "1668"]
[BlackElo "1758"]
[PlyCount "47"]
[EventDate "2022.11.04"]
[EventType "swiss"]
[EventRounds "6"]
[EventCountry "ENG"]
[SourceVersionDate "2022.12.05"]

1. e4 e6 2. d4 d5 3. Bd3 c5 4. exd5 exd5 5. dxc5 Bxc5 6. Nf3 Nf6 7. O-O O-O 8.
h3 Nc6 9. Bg5 h6 10. Bh4 Be6 11. c3 Be7 12. Nbd2 Nh5 13. Bxe7 Qxe7 14. Re1 Qc7
15. Rc1 Nf4 16. Nb3 Nxd3 17. Qxd3 Rfe8 18. Nbd4 Nxd4 19. Nxd4 Qb6 20. Re2 Bd7
21. Rce1 Rxe2 22. Rxe2 Re8 23. Rxe8+ Bxe8 24. Qe2 1/2-1/2

[Event "Hampshire Major"]
[Site "Fareham"]
[Date "2022.11.04"]
[Round "1"]
[White "O'Gorman, Brendan"]
[Black "Sawers, Kevin"]
[Result "1/2-1/2"]
[WhiteElo "1743"]
[BlackElo "1658"]
[PlyCount "57"]
[EventDate "2022.11.04"]
[EventType "swiss"]
[EventRounds "6"]
[EventCountry "ENG"]
[SourceVersionDate "2022.12.05"]

1. c4 Nf6 2. Nc3 g6 3. d4 Bg7 4. Nf3 O-O 5. Bg5 d6 6. e3 Nbd7 7. Be2 c5 8. d5
Qb6 9. Qc2 e5 10. O-O a6 11. a3 h6 12. Bh4 Nh7 13. e4 f6 14. Nd2 Rf7 15. Bg4
Ndf8 16. Bxc8 Rxc8 17. f4 exf4 18. Bf2 Qc7 19. b4 b6 20. bxc5 bxc5 21. Rab1 Nd7
22. Rb2 Rb8 23. Rfb1 Rff8 24. Qa4 Rxb2 25. Rxb2 f5 26. Rb3 Rb8 27. exf5 Rxb3
28. Qxb3 g5 29. Nce4 1/2-1/2

[Event "Hampshire Major"]
[Site "Fareham"]
[Date "2022.11.04"]
[Round "1"]
[White "Morrish, John"]
[Black "Baron, Patrik"]
[Result "0-1"]
[WhiteElo "1643"]
[BlackElo "1750"]
[PlyCount "78"]
[EventDate "2022.11.04"]
[EventType "swiss"]
[EventRounds "6"]
[EventCountry "ENG"]
[SourceVersionDate "2022.12.05"]

1. e4 c6 2. Nc3 d5 3. d4 dxe4 4. Nxe4 Bf5 5. Ng3 Bg6 6. Nf3 Nd7 7. Nh4 e6 8.
Nxg6 hxg6 9. Ne4 Qc7 10. Be3 Rxh2 11. Rxh2 Qxh2 12. Qf3 Ngf6 13. O-O-O O-O-O
14. Bf4 Qh5 15. Ng5 Qxf3 16. gxf3 Nd5 17. Bg3 Be7 18. Nxf7 Rf8 19. Nd6+ Bxd6
20. Bxd6 Rxf3 21. Bg3 Nf4 22. Bc4 e5 23. a3 b5 24. Bf1 g5 25. c4 a6 26. cxb5
axb5 27. a4 bxa4 28. Rd2 a3 29. bxa3 Rxa3 30. Kb2 Ra4 31. Rc2 Kb7 32. dxe5 Nxe5
33. Kb3 Ra1 34. Bxf4 gxf4 35. Bh3 Kb6 36. Re2 Ra5 37. Re4 g5 38. Re2 c5 39. Be6
Nc6 0-1

[Event "Hampshire Major"]
[Site "Fareham"]
[Date "2022.11.04"]
[Round "1"]
[White "Anderson, Tom"]
[Black "Morrison, Joseph"]
[Result "1/2-1/2"]
[WhiteElo "1757"]
[BlackElo "1656"]
[PlyCount "47"]
[EventDate "2022.11.04"]
[EventType "swiss"]
[EventRounds "6"]
[EventCountry "ENG"]
[SourceVersionDate "2022.12.05"]

1. d4 Nf6 2. c4 g6 3. Nc3 Bg7 4. e4 d6 5. Be2 O-O 6. Bg5 Nbd7 7. Qd2 e5 8. d5
a5 9. f3 Nc5 10. Bd1 Bd7 11. Bc2 Qb8 12. Nge2 c6 13. dxc6 Bxc6 14. O-O Rd8 15.
Nd5 Bxd5 16. cxd5 Rc8 17. Rfe1 b5 18. Nc3 a4 19. a3 Nfd7 20. Na2 f6 21. Bh4 Qb7
22. Nb4 Kf7 23. Bf2 Bf8 24. Nc6 1/2-1/2

[Event "Hampshire Major"]
[Site "Fareham"]
[Date "2022.11.04"]
[Round "1"]
[White "Westcott, Dale"]
[Black "Jones, Tim"]
[Result "0-1"]
[WhiteElo "1635"]
[BlackElo "1738"]
[PlyCount "110"]
[EventDate "2022.11.04"]
[EventType "swiss"]
[EventRounds "6"]
[EventCountry "ENG"]
[SourceVersionDate "2022.12.05"]

1. d4 d5 2. Nc3 c6 3. Bf4 Qb6 4. Rb1 Nf6 5. e3 Bf5 6. Nf3 Nbd7 7. Bd3 Bxd3 8.
Qxd3 e6 9. h3 Be7 10. O-O O-O 11. Rfe1 c5 12. dxc5 Nxc5 13. Qb5 Qd8 14. b4 a6
15. Qe2 Nce4 16. Nxe4 Nxe4 17. Qd3 Rc8 18. Rb3 Bf6 19. Be5 Bxe5 20. Nxe5 Qc7
21. Nf3 Qxc2 22. Re2 Qxd3 23. Rxd3 Rc1+ 24. Kh2 Rfc8 25. Nd4 g6 26. Rb2 Nd6 27.
b5 Nxb5 28. Nxb5 axb5 29. Rxb5 R1c2 30. Rxb7 Rxa2 31. Kg3 Rcc2 32. Kh4 Rxf2 33.
g4 h6 34. Rc3 Ra4 35. Kg3 Rf1 36. Kg2 Rf6 37. Rc8+ Kg7 38. Rbb8 Ra2+ 39. Kg3
Rff2 40. h4 g5 41. hxg5 hxg5 42. Rg8+ Kf6 43. Rb7 Ke5 44. Rxg5+ Ke4 45. Rb4+
Kxe3 46. Re5+ Kd3 47. Re1 Kc3 48. Reb1 Rfb2 49. R1xb2 Rxb2 50. Rf4 Rb7 51. g5
d4 52. Rf3+ d3 53. Kf4 Kc2 54. Ke3 Rd7 55. Rf4 d2 0-1

[Event "Hampshire Major"]
[Site "Fareham"]
[Date "2022.11.04"]
[Round "1"]
[White "Ferreira, Erico"]
[Black "Stout, Nick"]
[Result "1-0"]
[WhiteElo "1592"]
[BlackElo "1735"]
[PlyCount "75"]
[EventDate "2022.11.04"]
[EventType "swiss"]
[EventRounds "6"]
[EventCountry "ENG"]
[SourceVersionDate "2022.12.05"]

1. e4 d5 2. Nf3 dxe4 3. Ng5 Nf6 4. Bc4 e6 5. Nc3 b6 6. Ncxe4 Nbd7 7. Qf3 Rb8 8.
Nxf7 Qe7 9. Nxh8 Bb7 10. Nxf6+ Nxf6 11. Qe3 Bd5 12. Bxd5 exd5 13. Qxe7+ Bxe7
14. d3 Kf8 15. O-O Kg8 16. Ng6 hxg6 17. Bf4 Rb7 18. Rfe1 c6 19. h3 Kf7 20. a4
Nd7 21. a5 b5 22. a6 Rb6 23. Bc7 Bf6 24. Bxb6 Nxb6 25. c3 Na4 26. Rxa4 bxa4 27.
Ra1 Ke6 28. Rxa4 Be7 29. c4 c5 30. cxd5+ Kxd5 31. Kf1 Bf6 32. b3 Bc3 33. Ke2
Bb4 34. Rxb4 cxb4 35. Ke3 Kc5 36. Ke4 Kb6 37. Kd4 Kxa6 38. Kc4 1-0

[Event "Hampshire Major"]
[Site "Fareham"]
[Date "2022.11.04"]
[Round "1"]
[White "Blanden, Edward A"]
[Black "Sellen, John R"]
[Result "1-0"]
[WhiteElo "1724"]
[BlackElo "1583"]
[PlyCount "61"]
[EventDate "2022.11.04"]
[EventType "swiss"]
[EventRounds "6"]
[EventCountry "ENG"]
[SourceVersionDate "2022.12.05"]

1. c4 f5 2. d4 Nf6 3. Nc3 e6 4. g3 d5 5. cxd5 exd5 6. a3 c6 7. Bg2 Bd6 8. Nf3
O-O 9. O-O Qe8 10. e3 Ne4 11. Qc2 Nd7 12. b3 Ndf6 13. Bb2 Bd7 14. h3 Rc8 15. b4
Qe7 16. Ne2 Bc7 17. Nf4 Nd6 18. Ne5 Bb6 19. Rfe1 Nde4 20. Nfd3 Rc7 21. Kh2 Be6
22. Re2 Bd7 23. Qb3 g5 24. f3 Nd6 25. Rae1 Kh8 26. e4 dxe4 27. fxe4 f4 28. Nxd7
fxg3+ 29. Kh1 Nxd7 30. d5+ Kg8 31. e5 1-0

[Event "Hampshire Major"]
[Site "Fareham"]
[Date "2022.11.04"]
[Round "1"]
[White "Jackson, Lewis"]
[Black "Pinto, Phil"]
[Result "1-0"]
[WhiteElo "1435"]
[BlackElo "1721"]
[PlyCount "103"]
[EventDate "2022.11.04"]
[EventType "swiss"]
[EventRounds "6"]
[EventCountry "ENG"]
[SourceVersionDate "2022.12.05"]

1. e4 Nf6 2. Nc3 e5 3. f4 Nc6 4. fxe5 Nxe5 5. d4 Nc6 6. e5 Ng8 7. Nf3 d6 8. Qe2
dxe5 9. Bf4 Be7 10. Bxe5 Nxe5 11. Qxe5 Nf6 12. O-O-O O-O 13. Bc4 c6 14. h3 Bd6
15. Qe2 a5 16. Rhf1 b5 17. Bd3 Re8 18. Qf2 b4 19. Ne2 Qc7 20. g4 Ba6 21. Bxa6
Rxa6 22. Nd2 c5 23. Nc4 Bf8 24. d5 Ne4 25. Qf3 Rf6 26. Qg2 Rxf1 27. Rxf1 Nd6
28. Nxd6 Bxd6 29. c4 Qe7 30. Kd1 Qe5 31. Qf2 Re7 32. Nc1 a4 33. Re1 Qxe1+ 34.
Qxe1 Rxe1+ 35. Kxe1 g5 36. b3 a3 37. Kf2 Kg7 38. Ne2 Kf6 39. Ng3 Ke5 40. Nf5
Bb8 41. Ke3 Bc7 42. Nh6 Kf6 43. Ke4 Kg6 44. Nf5 h5 45. d6 Bb6 46. Kd5 hxg4 47.
hxg4 Kf6 48. Kc6 Ba5 49. Kxc5 Ke5 50. Kb5 Bd8 51. c5 Kf4 52. c6 1-0

[Event "Hampshire Major"]
[Site "Fareham"]
[Date "2022.11.05"]
[Round "2"]
[White "Blanden, Edward A"]
[Black "McClatchey, Rob"]
[Result "1/2-1/2"]
[WhiteElo "1724"]
[BlackElo "1838"]
[PlyCount "70"]
[EventDate "2022.11.04"]
[EventType "swiss"]
[EventRounds "6"]
[EventCountry "ENG"]
[SourceVersionDate "2022.12.05"]

1. c4 d6 2. Nf3 e5 3. Nc3 f5 4. g3 Nf6 5. d3 c6 6. Bg2 Be7 7. O-O a5 8. Rb1
Nbd7 9. a3 O-O 10. e3 Nc5 11. b4 axb4 12. axb4 Ne6 13. Qb3 Qc7 14. Bb2 f4 15.
exf4 exf4 16. Rbe1 fxg3 17. hxg3 Ng4 18. c5 d5 19. Na4 Bd7 20. Ne5 Nxe5 21.
Bxe5 Qd8 22. Nb6 Ra6 23. Re2 Ng5 24. Rfe1 Rf7 25. f4 Bg4 26. Ra2 Rxa2 27. Qxa2
Nf3+ 28. Bxf3 Bxf3 29. Qa7 Bf8 30. Ra1 Bg4 31. Qa2 g5 32. Qd2 gxf4 33. Bxf4 Qf6
34. d4 Qg6 35. Ra8 Qb1+ 1/2-1/2

[Event "Hampshire Major"]
[Site "Fareham"]
[Date "2022.11.05"]
[Round "2"]
[White "Collyer, David"]
[Black "Sharples, Harry"]
[Result "1-0"]
[WhiteElo "1692"]
[BlackElo "1794"]
[PlyCount "75"]
[EventDate "2022.11.04"]
[EventType "swiss"]
[EventRounds "6"]
[EventCountry "ENG"]
[SourceVersionDate "2022.12.05"]

1. e4 e6 2. d4 d5 3. Nc3 Nf6 4. Bg5 Bb4 5. e5 h6 6. Bd2 Bxc3 7. bxc3 Ne4 8. Bd3
Nxd2 9. Qxd2 Qg5 10. f4 Qe7 11. Nf3 b6 12. O-O c5 13. a4 Bd7 14. g4 c4 15. Be2
Nc6 16. Ne1 g6 17. Ng2 O-O-O 18. Kh1 f5 19. exf6 Qxf6 20. g5 Qg7 21. Ne3 Rdf8
22. Ng4 hxg5 23. fxg5 Ne7 24. Nf6 Nf5 25. Bg4 Ng3+ 26. Kg2 Nxf1 27. Rxf1 Qe7
28. Re1 Qd6 29. Re5 Rf7 30. Qe3 Kc7 31. h3 Kd8 32. Bxe6 Bxe6 33. Rxe6 Qf8 34.
Qe5 Kc8 35. Re8+ Qxe8 36. Nxe8 Rfh7 37. Qe6+ Kb8 38. Nf6 1-0

[Event "Hampshire Major"]
[Site "Fareham"]
[Date "2022.11.05"]
[Round "2"]
[White "Maul, Philip"]
[Black "Agostinelli, David R"]
[Result "1/2-1/2"]
[WhiteElo "1686"]
[BlackElo "1761"]
[PlyCount "137"]
[EventDate "2022.11.04"]
[EventType "swiss"]
[EventRounds "6"]
[EventCountry "ENG"]
[SourceVersionDate "2022.12.05"]

1. e4 d6 2. d4 Nf6 3. Nc3 g6 4. f4 Bg7 5. Nf3 c5 6. d5 O-O 7. Be2 a6 8. a4 Bg4
9. O-O Nbd7 10. h3 Bxf3 11. Bxf3 Rb8 12. Qe2 e5 13. dxe6 fxe6 14. Qc4 Qe7 15.
a5 Kh8 16. Be3 d5 17. exd5 exd5 18. Qd3 d4 19. Bxd4 cxd4 20. Qxd4 Qc5 21. Qxc5
Nxc5 22. Na4 Nxa4 23. Rxa4 b5 24. axb6 Rxb6 25. b3 Nh5 26. Bxh5 gxh5 27. Ra5
Rc8 28. Rd1 h4 29. Rad5 Kg8 30. Rd8+ Rxd8 31. Rxd8+ Kf7 32. Kf2 Ke7 33. Rc8 Kd7
34. Rc4 Rc6 35. Rxc6 Kxc6 36. Ke3 a5 37. Ke4 Kc5 38. Ke3 Kb4 39. Kd3 Kc5 40.
Ke3 Kd5 41. c4+ Kc5 42. Ke4 Kb4 43. Kd5 Bf8 44. f5 Kxb3 45. c5 Bxc5 46. Kxc5 a4
47. f6 a3 48. f7 a2 49. f8=Q a1=Q 50. Qf7+ Ka3 51. Qa7+ Kb2 52. Qxa1+ Kxa1 53.
Kd4 Kb2 54. Ke3 Kc3 55. Kf4 Kd4 56. Kg4 Ke5 57. Kxh4 Kf6 58. Kg4 Kg6 59. Kh4 h5
60. g3 Kh6 61. g4 hxg4 62. hxg4 Kg6 63. g5 Kg7 64. Kh5 Kh7 65. g6+ Kg7 66. Kg5
Kg8 67. Kh6 Kh8 68. g7+ Kg8 69. Kg6 1/2-1/2

[Event "Hampshire Major"]
[Site "Fareham"]
[Date "2022.11.05"]
[Round "2"]
[White "Baron, Patrik"]
[Black "Ferreira, Erico"]
[Result "1-0"]
[WhiteElo "1750"]
[BlackElo "1592"]
[PlyCount "132"]
[EventDate "2022.11.04"]
[EventType "swiss"]
[EventRounds "6"]
[EventCountry "ENG"]
[SourceVersionDate "2022.12.05"]

1. e4 c6 2. d4 d5 3. Nc3 dxe4 4. Nxe4 Bf5 5. Ng3 Bg6 6. h4 h6 7. Nh3 e6 8. Nf4
Ne7 9. Bc4 Bf5 10. c3 g6 11. h5 g5 12. Nd3 b5 13. Bb3 c5 14. Nxc5 Nd7 15. Nge4
Bxe4 16. Nxe4 Nf5 17. O-O Qb6 18. Qf3 Rd8 19. Be3 Nh4 20. Qe2 Qb7 21. f3 Be7
22. g3 Nf5 23. Bd2 Nf6 24. Kh2 Nxh5 25. g4 Qc7+ 26. Kg1 Nhg3 27. Qh2 Bd6 28.
Nxd6+ Qxd6 29. gxf5 Nxf1 30. Qxd6 Rxd6 31. Rxf1 exf5 32. Re1+ Kd7 33. Bxf7 f4
34. Re5 Rf6 35. Bh5 a6 36. Kf2 Kd6 37. Ke2 Re6 38. Rxe6+ Kxe6 39. Kd3 Kd5 40.
Bf7+ Kd6 41. Bh5 Kd5 42. b3 Rh7 43. c4+ bxc4+ 44. bxc4+ Kc6 45. Bb4 Rb7 46. d5+
Kd7 47. Bf8 Rb6 48. c5 Rb1 49. c6+ Kc7 50. Bxh6 Rh1 51. Bxg5 Rxh5 52. Bxf4+ Kc8
53. d6 Rc5 54. c7 Ra5 55. Kd4 Rxa2 56. Kd5 Kd7 57. Be5 Rd2+ 58. Kc5 a5 59. Kb6
Rd5 60. f4 a4 61. Kb7 Rb5+ 62. Ka6 Rb3 63. Bd4 Rd3 64. Kb7 Rb3+ 65. Bb6 Rxb6+
66. Kxb6 a3 1-0

[Event "Hampshire Major"]
[Site "Fareham"]
[Date "2022.11.05"]
[Round "2"]
[White "Jones, Tim"]
[Black "Jackson, Lewis"]
[Result "1-0"]
[WhiteElo "1738"]
[BlackElo "1435"]
[PlyCount "41"]
[EventDate "2022.11.04"]
[EventType "swiss"]
[EventRounds "6"]
[EventCountry "ENG"]
[SourceVersionDate "2022.12.05"]

1. e4 c6 2. Nc3 d5 3. Nf3 dxe4 4. Nxe4 Nf6 5. Nxf6+ exf6 6. Bc4 Bd6 7. O-O O-O
8. h3 Re8 9. d4 Nd7 10. c3 Nf8 11. Qb3 Qc7 12. Bd2 Be6 13. Rfe1 Bxc4 14. Qxc4
Nd7 15. Re2 Qb6 16. b3 a5 17. Rae1 Rxe2 18. Qxe2 a4 19. b4 Kf8 20. a3 Re8 21.
Qxe8# 1-0

[Event "Hampshire Major"]
[Site "Fareham"]
[Date "2022.11.05"]
[Round "2"]
[White "Lawrence, Simon"]
[Black "Appleby, Stephen"]
[Result "0-1"]
[WhiteElo "1718"]
[BlackElo "1885"]
[PlyCount "101"]
[EventDate "2022.11.04"]
[EventType "swiss"]
[EventRounds "6"]
[EventCountry "ENG"]
[SourceVersionDate "2022.12.05"]

1. e4 c5 2. Nc3 Nc6 3. Bb5 Nd4 4. Bc4 g6 5. f4 Bg7 6. Nf3 e6 7. O-O Ne7 8. d3
O-O 9. Ne2 d5 10. exd5 Nxf3+ 11. Rxf3 exd5 12. Bb3 Bg4 13. Rf1 Bd4+ 14. Kh1 Nf5
15. c3 Qh4 16. Qe1 Bxe2 17. Qxh4 Nxh4 18. Re1 Bxd3 19. cxd4 c4 20. Ba4 Be4 21.
Re2 a6 22. Be3 b5 23. Bc2 Rfe8 24. Rae1 Bxc2 25. Rxc2 Nf5 26. Rce2 Re4 27. Bg1
Nd6 28. g3 Rae8 29. Rxe4 Rxe4 30. Rxe4 Nxe4 31. Be3 b4 32. Bc1 Kf8 33. Kg1 Ke7
34. Kf1 Ke6 35. Ke2 h5 36. Kf3 a5 37. b3 c3 38. h3 f5 39. Kg2 Kd6 40. Kf3 Kc6
41. g4 hxg4+ 42. hxg4 Nf6 43. g5 Ne4 44. Ke3 Kb5 45. a4+ bxa3 46. Bxa3 Nd2 47.
Kd3 Nxb3 48. Kxc3 a4 49. Kd3 Na5 50. Kc3 Nc6 51. Bc5 {Remaining moves
unreadable, 0-1, 58.} 0-1

[Event "Hampshire Major"]
[Site "Fareham"]
[Date "2022.11.05"]
[Round "2"]
[White "Edney, Richard"]
[Black "Torrance, John"]
[Result "1/2-1/2"]
[WhiteElo "1859"]
[BlackElo "1670"]
[PlyCount "70"]
[EventDate "2022.11.04"]
[EventType "swiss"]
[EventRounds "6"]
[EventCountry "ENG"]
[SourceVersionDate "2022.12.05"]

1. d4 Nf6 2. Bg5 d5 3. Bxf6 exf6 4. e3 Bf5 5. c3 c6 6. Ne2 Bd6 7. Ng3 Bg6 8.
Be2 Nd7 9. Nd2 Qe7 10. O-O O-O 11. Re1 Rfe8 12. Bf3 f5 13. c4 Nf6 14. c5 Bc7
15. b4 a6 16. a4 Ne4 17. Ndxe4 fxe4 18. Be2 f5 19. Nf1 f4 20. exf4 Bxf4 21. Bg4
Qf6 22. Ne3 Rf8 23. Ra2 Qg5 24. g3 Bc7 25. Qe2 h5 26. h4 Qh6 27. Bh3 Bf7 28.
Kg2 Qf6 29. Rf1 Qxd4 30. Nf5 Qe5 31. Qe3 Qf6 32. Nd4 Be5 33. Rd2 Bg6 34. Ne6
Rfe8 35. Nd4 Bxd4 1/2-1/2

[Event "Hampshire Major"]
[Site "Fareham"]
[Date "2022.11.05"]
[Round "2"]
[White "Bradley, William"]
[Black "Deacon, Matthew"]
[Result "1-0"]
[WhiteElo "1827"]
[BlackElo "1717"]
[PlyCount "77"]
[EventDate "2022.11.04"]
[EventType "swiss"]
[EventRounds "6"]
[EventCountry "ENG"]
[SourceVersionDate "2022.12.05"]

1. e4 c5 2. Nc3 g6 3. f4 Bg7 4. Nf3 d6 5. Bc4 Nc6 6. O-O Nf6 7. d3 O-O 8. Qe1
Na5 9. Bb3 Nxb3 10. axb3 Nd7 11. Qh4 e6 12. Qh3 Re8 13. g4 Nf8 14. Qg3 a6 15.
h4 f5 16. g5 b5 17. Nxb5 Qb6 18. Nc3 c4+ 19. Qf2 Qxf2+ 20. Rxf2 cxb3 21. cxb3
Rb8 22. Ra3 Bb7 23. Re2 Rec8 24. b4 fxe4 25. dxe4 d5 26. e5 Rc4 27. Na2 Bc6 28.
b3 Rxc1+ 29. Nxc1 Rxb4 30. Nd3 Rb6 31. Nd4 Bb5 32. Nxb5 Rxb5 33. b4 Rb6 34.
Rea2 Rc6 35. Nc5 Rb6 36. Rb2 h5 37. Rxa6 Rxa6 38. Nxa6 Nd7 39. Nc5 1-0

[Event "Hampshire Major"]
[Site "Fareham"]
[Date "2022.11.05"]
[Round "2"]
[White "Stuart, Graham B"]
[Black "Belinger, John"]
[Result "1-0"]
[WhiteElo "1767"]
[BlackElo "1668"]
[PlyCount "105"]
[EventDate "2022.11.04"]
[EventType "swiss"]
[EventRounds "6"]
[EventCountry "ENG"]
[SourceVersionDate "2022.12.05"]

1. e4 c5 2. d4 cxd4 3. c3 dxc3 4. Nxc3 Nc6 5. Nf3 g6 6. Bc4 Bg7 7. O-O d6 8.
Qe2 Nf6 9. h3 O-O 10. Rd1 Qc7 11. Be3 a6 12. Rac1 e6 13. Bb3 Qe7 14. Bf4 e5 15.
Bg5 h6 16. Nd5 Qd8 17. Nxf6+ Bxf6 18. Bxh6 Bg7 19. Bxg7 Kxg7 20. Qd3 Be6 21.
Bxe6 fxe6 22. Qxd6 Qxd6 23. Rxd6 Kf6 24. a3 Rf7 25. h4 Re7 26. Rcd1 Rc8 27. b4
Rcc7 28. g4 Na7 29. g5+ Kg7 30. Nxe5 Nb5 31. R6d3 Na7 32. a4 Nc8 33. Rd7 Nb6
34. Rxe7+ Rxe7 35. a5 Na4 36. Rd7 Rxd7 37. Nxd7 Nc3 38. f3 Na2 39. Nc5 Nxb4 40.
Nxe6+ Kg8 41. Nc5 Nc6 42. Nxb7 Kg7 43. Kf2 Kg8 44. Ke3 Kg7 45. f4 Kf7 46. f5
Kg7 47. Kf4 Kf7 48. f6 Nb4 49. e5 Nc6 50. Ke4 Nb4 51. Kd4 Nc6+ 52. Kd5 Nb4+ 53.
Kd6 1-0

[Event "Hampshire Major"]
[Site "Fareham"]
[Date "2022.11.05"]
[Round "2"]
[White "Crosswell, Neil"]
[Black "Moore, Gillian A"]
[Result "1-0"]
[WhiteElo "1758"]
[BlackElo "1678"]
[PlyCount "91"]
[EventDate "2022.11.04"]
[EventType "swiss"]
[EventRounds "6"]
[EventCountry "ENG"]
[SourceVersionDate "2022.12.05"]

1. d4 d5 2. c4 Nc6 3. Nf3 Bg4 4. e3 e6 5. Nc3 Nf6 6. Be2 Be7 7. O-O O-O 8. a3
a6 9. Qc2 dxc4 10. Bxc4 Bf5 11. Qe2 Ne4 12. Bd2 Bf6 13. Nxe4 Bxe4 14. Bc3 Re8
15. Rfd1 Bd5 16. Bxd5 exd5 17. Rac1 Qd7 18. Qc2 Rac8 19. b4 Ne7 20. Ne1 c6 21.
Nd3 Qf5 22. Qb3 Rc7 23. Be1 Nc8 24. a4 Nd6 25. Rc2 Nc4 26. Nb2 Nxb2 27. Qxb2
Ree7 28. b5 cxb5 29. axb5 axb5 30. Rc5 Rc8 31. Rxc8+ Qxc8 32. Rc1 Rc7 33. Rxc7
Qxc7 34. Qxb5 Qc6 35. Qa5 g6 36. g3 Kg7 37. Bb4 g5 38. Qa8 Kh6 39. Qg8 Bg7 40.
Qxf7 Qc1+ 41. Kg2 Qb1 42. Qe6+ Kh5 43. g4+ Kh4 44. Bd6 Qe4+ 45. Qxe4 dxe4 46.
h3 1-0

[Event "Hampshire Major"]
[Site "Fareham"]
[Date "2022.11.05"]
[Round "2"]
[White "Archer Lock, Helen"]
[Black "O'Gorman, Brendan"]
[Result "1-0"]
[WhiteElo "1595"]
[BlackElo "1743"]
[PlyCount "87"]
[EventDate "2022.11.04"]
[EventType "swiss"]
[EventRounds "6"]
[EventCountry "ENG"]
[SourceVersionDate "2022.12.05"]

1. d4 d5 2. c4 e6 3. Nf3 a6 4. Bf4 Nf6 5. Nc3 dxc4 6. e3 b5 7. a4 b4 8. Na2 a5
9. Bxc4 Ba6 10. Rc1 Bd6 11. Ne5 O-O 12. O-O Nd5 13. Qf3 Bb7 14. Qh3 Nxf4 15.
exf4 Nd7 16. Bxe6 Bxe5 17. Bxd7 Bxf4 18. Rc5 Ra6 19. Rh5 Rh6 20. Rxh6 Bxh6 21.
Nc1 Qe7 22. Nb3 Ba6 23. Rd1 Qe2 24. Bg4 Qxb2 25. Nxa5 Be2 26. Bxe2 Qxe2 27. Qd3
Qxd3 28. Rxd3 Ra8 29. Nc6 Rxa4 30. g3 Ra3 31. Nxb4 Ra1+ 32. Kg2 Kf8 33. Nd5 Rc1
34. Ra3 g6 35. Ra8+ Kg7 36. Ra7 c5 37. dxc5 Rxc5 38. Nc7 Re5 39. Ra8 Bd2 40.
Ne8+ Kf8 41. Nd6+ Kg7 42. Ra7 Bb4 43. Nxf7 Kf6 44. Nxe5 1-0

[Event "Hampshire Major"]
[Site "Fareham"]
[Date "2022.11.05"]
[Round "2"]
[White "Sawers, Kevin"]
[Black "Anderson, Tom"]
[Result "0-1"]
[WhiteElo "1658"]
[BlackElo "1757"]
[PlyCount "122"]
[EventDate "2022.11.04"]
[EventType "swiss"]
[EventRounds "6"]
[EventCountry "ENG"]
[SourceVersionDate "2022.12.05"]

1. e4 d6 2. Nc3 e5 3. g3 Nf6 4. Bg2 Be7 5. Nge2 O-O 6. O-O c6 7. d4 Qc7 8. Bg5
Nbd7 9. Rc1 h6 10. Bxf6 Nxf6 11. f4 Bd7 12. Kh1 Rad8 13. d5 Ng4 14. Qd3 Qb6 15.
Nd1 cxd5 16. exd5 f5 17. h3 e4 18. Qd4 Qxd4 19. Nxd4 Nf6 20. Ne3 g6 21. g4 Ne8
22. gxf5 gxf5 23. Rg1 Kh8 24. c3 Ng7 25. Ne2 Bh4 26. Nc4 Bb5 27. b3 Bxc4 28.
bxc4 Rc8 29. Rb1 b6 30. Rb4 a5 31. Rxb6 Bf2 32. Rxd6 Bxg1 33. Rxh6+ Kg8 34.
Kxg1 Rxc4 35. d6 Rd8 36. h4 Rc6 37. Bh3 Rcxd6 38. Rxd6 Rxd6 39. Nd4 Rd5 40. Kf2
Kf7 41. Bf1 Kf6 42. Be2 Rc5 43. Nb5 Ne6 44. Ke3 Nc7 45. Nxc7 Rxc7 46. Kd4 Rd7+
47. Ke3 Rg7 48. h5 Rb7 49. a4 Rb3 50. Kd4 Rb2 51. Bb5 Rf2 52. c4 Rxf4 53. c5
Ke7 54. Ke5 Rf2 55. c6 Kd8 56. h6 e3 57. h7 Rh2 58. Kxf5 Rxh7 59. Be2 Rh2 60.
Bf3 e2 61. Bxe2 Rxe2 0-1

[Event "Hampshire Major"]
[Site "Fareham"]
[Date "2022.11.05"]
[Round "2"]
[White "Schumacher, James"]
[Black "Ramaraju, Siddarth"]
[Result "1-0"]
[WhiteElo "1742"]
[BlackElo "1553"]
[PlyCount "43"]
[EventDate "2022.11.04"]
[EventType "swiss"]
[EventRounds "6"]
[EventCountry "ENG"]
[SourceVersionDate "2022.12.05"]

1. e4 e5 2. Nf3 Nc6 3. Bc4 Bc5 4. c3 Nf6 5. d4 exd4 6. e5 Qe7 7. cxd4 Nxd4 8.
Nxd4 Qxe5+ 9. Be3 O-O 10. O-O d5 11. Nf3 Qxb2 12. Bxc5 dxc4 13. Bxf8 Qxa1 14.
Qd8 h6 15. Nc3 Qxf1+ 16. Kxf1 Kh7 17. Ne5 b6 18. Qxc7 Be6 19. Ba3 Nd5 20. Nxd5
Bxd5 21. Nxf7 c3 22. Nd6 1-0